000 00461nam a22001217a 4500
999 _c10227
_d10227
003 OSt
008 201218b ||||| |||| 00| 0 eng d
245 _aIETE Technical Review
250 _a2008(Nov-Dec Vol.25 No.6) 2009(Jan-Feb Vol.26 No.1, Mar-Apr Vol.26 No.2, Jul-Aug Vol.26 No.4, Sep-Oct Vol.26 No.5)
260 _aNew Delhi
_bInstitution of Electronics and Telecommunication Engineers
650 _aElectronics and Communication Engineering
942 _2ddc
_cBV